[Event "Stay Safe Play From Home 225"]
[Site "T#646783Emanuel Laske"]
[Date "2020.06.14"]
[Round "2"]
[White "Klausen"]
[Black "Sfantul321"]
[Result "1/2-1/2"]
[WhiteElo "2018"]
[BlackElo "1959"]
[Annotator "NA RC"]
[PlyCount "140"]
[EventDate "2020.06.14"]
[EventType "swiss (blitz)"]

1. d4 {[%emt 0:00:02]} Nf6 {[%emt 0:00:01]} 2. Nf3 {[%emt 0:00:02]} e6 {[%emt 0:00:02]} 3. c4 {[%emt 0:00:01]} Bb4+ {[%emt 0:00:02]} 4. Bd2 {[%emt 0:00:01]} Bxd2+ {[%emt 0:00:01]} 5. Qxd2 {[%emt 0:00:01]} Ne4 {[%emt 0:00:02]} 6. Qc2 {[%emt 0:00:02]} d5 {[%emt 0:00:01]} 7. Nc3 {[%emt 0:00:02]} Nxc3 {[%emt 0:00:02]} 8. Qxc3 {[%emt 0:00:02]} c6 {[%emt 0:00:00]} 9. e3 {[%emt 0:00:02]} O-O {[%emt 0:00:01]} 10. Bd3 {[%emt 0:00:01]} Nd7 {[%emt 0:00:01]} 11. O-O {[%emt 0:00:02]} Nf6 {[%emt 0:00:01]} 12. Rfd1 {[%emt 0:00:01]} b6 {[%emt 0:00:01]} 13. Rac1 {[%emt 0:00:02]} Bb7 {[%emt 0:00:01]} 14. Qc2 {[%emt 0:00:01]} h6 {[%emt 0:00:01]} 15. Ne5 {[%emt 0:00:01]} Rc8 {[%emt 0:00:02]} 16. cxd5 {[%emt 0:00:04]} cxd5 {[%emt 0:00:04]} 17. Qa4 {[%emt 0:00:02]} a5 {[%emt 0:00:08]} 18. Rxc8 {[%emt 0:00:15]} Qxc8 {[%emt 0:00:02]} 19. Qb5 {[%emt 0:00:01]} Qc7 {[%emt 0:00:03]} 20. h3 {[%emt 0:00:03]} Rc8 {[%emt 0:00:06]} 21. a3 {[%emt 0:00:04]} Qd6 {[%emt 0:00:02]} 22. Qb3 {[%emt 0:00:18]} Ne8 {[%emt 0:00:07]} 23. f4 {[%emt 0:00:11]} f6 {[%emt 0:00:01]} 24. Nf3 {[%emt 0:00:07]} f5 {[%emt 0:00:04]} 25. Ne5 {[%emt 0:00:02]} Nf6 {[%emt 0:00:01]} 26. Rd2 {[%emt 0:00:05]} Ne4 {[%emt 0:00:03]} 27. Rc2 {[%emt 0:00:02]} Rxc2 {[%emt 0:00:01]} 28. Qxc2 {[%emt 0:00:01]} Kh7 {[%emt 0:00:02]} 29. Bxe4 {[%emt 0:00:05]} dxe4 {[%emt 0:00:03]} 30. g4 {[%emt 0:00:10]} g5 {[%emt 0:00:11]} 31. fxg5 {[%emt 0:00:06]} hxg5 {[%emt 0:00:01]} 32. gxf5 {[%emt 0:00:02]} exf5 {[%emt 0:00:01]} 33. Qg2 {[%emt 0:00:11]} Qf6 {[%emt 0:00:08]} 34. Qc2 {[%emt 0:00:24]} Qd6 {[%emt 0:00:03]} 35. Qc4 {[%emt 0:00:02]} Bd5 {[%emt 0:00:10]} 36. Qc8 {[%emt 0:00:02]} Be6 {[%emt 0:00:06]} 37. Qe8 {[%emt 0:00:06]} Bd5 {[%emt 0:00:04]} 38. Kf2 {[%emt 0:00:14]} f4 {[%emt 0:00:06]} 39. Qd7+ {[%emt 0:00:19]} Qxd7 {[%emt 0:00:04]} 40. Nxd7 {[%emt 0:00:01]} Be6 {[%emt 0:00:06]} 41. Nf6+ {[%emt 0:00:06]} Kg6 {[%emt 0:00:02]} 42. Nxe4 {[%emt 0:00:01]} Bxh3 {[%emt 0:00:02]} 43. exf4 {[%emt 0:00:01]} gxf4 {[%emt 0:00:01] Sfantul321 offers a draw} 44. Kf3 {[%emt 0:00:03]} Kf5 {[%emt 0:00:07]} 45. Nd6+ {[%emt 0:00:01]} Kg5 {[%emt 0:00:01]} 46. Nc4 {[%emt 0:00:04]} Bg4+ {[%emt 0:00:02]} 47. Kf2 {[%emt 0:00:01]} Kf5 {[%emt 0:00:03]} 48. d5 {[%emt 0:00:10]} b5 {[%emt 0:00:02]} 49. Nxa5 {[%emt 0:00:06]} Ke5 {[%emt 0:00:02]} 50. Nc6+ {[%emt 0:00:06]} Kxd5 {[%emt 0:00:03]} 51. Ne7+ {[%emt 0:00:03]} Kc4 {[%emt 0:00:02]} 52. Ng6 {[%emt 0:00:05]} Kb3 {[%emt 0:00:02]} 53. Nxf4 {[%emt 0:00:01]} Kxb2 {[%emt 0:00:01]} 54. Ke3 {[%emt 0:00:02]} Kxa3 {[%emt 0:00:01]} 55. Kd2 {[%emt 0:00:02]} b4 {[%emt 0:00:02]} 56. Nd3 {[%emt 0:00:04]} b3 {[%emt 0:00:01]} 57. Kc1 {[%emt 0:00:03]} Bf5 {[%emt 0:00:05]} 58. Nb2 {[%emt 0:00:02]} Ka2 {[%emt 0:00:02]} 59. Nc4 {[%emt 0:00:01]} Be6 {[%emt 0:00:01]} 60. Nb2 {[%emt 0:00:02]} Bc8 {[%emt 0:00:03]} 61. Nc4 {[%emt 0:00:02]} Ba6 {[%emt 0:00:01]} 62. Nb2 {[%emt 0:00:01]} Bb5 {[%emt 0:00:01]} 63. Nd1 {[%emt 0:00:03]} Ba6 {[%emt 0:00:05]} 64. Nb2 {[%emt 0:00:02]} Be2 {[%emt 0:00:01]} 65. Na4 {[%emt 0:00:02]} Ka3 {[%emt 0:00:02]} 66. Nb2 {[%emt 0:00:01]} Ka2 {[%emt 0:00:06]} 67. Na4 {[%emt 0:00:01]} Ka1 {[%emt 0:00:09]} 68. Nb2 {[%emt 0:00:02]} Bb5 {[%emt 0:00:02]} 69. Nd1 {[%emt 0:00:01]} Be2 {[%emt 0:00:09]} 70. Nb2 {[%emt 0:00:01]} Ka2 {[%emt 0:00:01] (Lag: Av=0.15s, max=0.4s)} 1/2-1/2

[Event "Stay Safe Play From Home 225"]
[Site "T#646783Emanuel Laske"]
[Date "2020.06.14"]
[Round "2"]
[White "Haxhi Baha"]
[Black "Don59as"]
[Result "0-1"]
[WhiteElo "1953"]
[BlackElo "2010"]
[Annotator "NA RC"]
[PlyCount "106"]
[EventDate "2020.06.14"]
[EventType "swiss (blitz)"]

1. e4 {[%emt 0:00:43]} e5 {[%emt 0:00:02]} 2. f4 {[%emt 0:00:02]} d5 {[%emt 0:00:02]} 3. exd5 {[%emt 0:00:01]} e4 {[%emt 0:00:01]} 4. d4 {[%emt 0:00:00]} exd3 {[%emt 0:00:02]} 5. Qxd3 {[%emt 0:00:02]} Nf6 {[%emt 0:00:01]} 6. Be3 {[%emt 0:00:04]} Bd6 {[%emt 0:00:05]} 7. Nc3 {[%emt 0:00:02]} O-O {[%emt 0:00:02]} 8. O-O-O {[%emt 0:00:01]} Re8 {[%emt 0:00:07]} 9. h3 {[%emt 0:00:07]} g6 {[%emt 0:00:19]} 10. g4 {[%emt 0:00:02]} Nbd7 {[%emt 0:00:04]} 11. Nf3 {[%emt 0:00:04]} a5 {[%emt 0:00:09]} 12. Bg2 {[%emt 0:00:26]} b6 {[%emt 0:00:04]} 13. Nd4 {[%emt 0:00:18]} Nc5 {[%emt 0:00:09]} 14. Qd2 {[%emt 0:00:03]} Bb7 {[%emt 0:00:20]} 15. Bf3 {[%emt 0:00:12]} Nfe4 {[%emt 0:00:14]} 16. Nxe4 {[%emt 0:00:02]} Nxe4 {[%emt 0:00:02]} 17. Bxe4 {[%emt 0:00:19]} Rxe4 {[%emt 0:00:00]} 18. Nf3 {[%emt 0:00:20]} Qf6 {[%emt 0:00:12]} 19. f5 {[%emt 0:00:09]} Qe7 {[%emt 0:00:48]} 20. Bh6 {[%emt 0:00:24]} Re8 {[%emt 0:00:10]} 21. Rhe1 {[%emt 0:00:24]} Bb4 {[%emt 0:00:34]} 22. c3 {[%emt 0:00:03]} Qc5 {[%emt 0:00:04]} 23. Rxe4 {[%emt 0:00:20]} Rxe4 {[%emt 0:00:02]} 24. Re1 {[%emt 0:00:01]} Qxd5 {[%emt 0:00:04]} 25. Rxe4 {[%emt 0:00:04]} Qxd2+ {[%emt 0:00:03]} 26. Nxd2 {[%emt 0:00:00]} Bxe4 {[%emt 0:00:03]} 27. Nxe4 {[%emt 0:00:02]} Be7 {[%emt 0:00:01]} 28. Bg5 {[%emt 0:00:06]} Bf8 {[%emt 0:00:02]} 29. Nf6+ {[%emt 0:00:05]} Kg7 {[%emt 0:00:02]} 30. Ne8+ {[%emt 0:00:01]} Kg8 {[%emt 0:00:03]} 31. Nxc7 {[%emt 0:00:02]} h6 {[%emt 0:00:00]} 32. Be3 {[%emt 0:00:03]} Bd6 {[%emt 0:00:07]} 33. Nb5 {[%emt 0:00:07]} Be5 {[%emt 0:00:03]} 34. Bxb6 {[%emt 0:00:03]} Kg7 {[%emt 0:00:03]} 35. fxg6 {[%emt 0:00:02]} Kxg6 {[%emt 0:00:02]} 36. Bd4 {[%emt 0:00:00]} Bb8 {[%emt 0:00:02]} 37. Be3 {[%emt 0:00:06]} h5 {[%emt 0:00:01]} 38. Kc2 {[%emt 0:00:02]} hxg4 {[%emt 0:00:03]} 39. hxg4 {[%emt 0:00:02]} Kf6 {[%emt 0:00:01]} 40. Nd4 {[%emt 0:00:01]} Ke5 {[%emt 0:00:01]} 41. Nc6+ {[%emt 0:00:00]} Ke4 {[%emt 0:00:01]} 42. Bd4 {[%emt 0:00:01]} Bc7 {[%emt 0:00:02]} 43. Ne7 {[%emt 0:00:01]} Kf3 {[%emt 0:00:02]} 44. Nd5 {[%emt 0:00:00]} Bd8 {[%emt 0:00:02]} 45. g5 {[%emt 0:00:01]} Kg4 {[%emt 0:00:01]} 46. Bf6 {[%emt 0:00:00]} Bxf6 {[%emt 0:00:02]} 47. gxf6 {[%emt 0:00:02]} Kf5 {[%emt 0:00:01]} 48. Kd3 {[%emt 0:00:00]} Ke6 {[%emt 0:00:01]} 49. c4 {[%emt 0:00:00]} Kd6 {[%emt 0:00:01]} 50. Kc3 {[%emt 0:00:00]} Kc5 {[%emt 0:00:01]} 51. a3 {[%emt 0:00:00]} Kd6 {[%emt 0:00:01]} 52. b4 {[%emt 0:00:00]} axb4+ {[%emt 0:00:02]} 53. axb4 {[%emt 0:00:00]} Ke5 {[%emt 0:00:00] Time (Lag: Av=0.81s, max=8.5s) .} 0-1

[Event "Stay Safe Play From Home 225"]
[Site "T#646783Emanuel Laske"]
[Date "2020.06.14"]
[Round "2"]
[White "Haris kollari 13"]
[Black "Matanant"]
[Result "1-0"]
[WhiteElo "1840"]
[BlackElo "1811"]
[Annotator "NA RC"]
[PlyCount "65"]
[EventDate "2020.06.14"]
[EventType "swiss (blitz)"]

1. e4 {[%emt 0:00:01]} e5 {[%emt 0:00:03]} 2. Nf3 {[%emt 0:00:05]} d5 {[%emt 0:00:03]} 3. exd5 {[%emt 0:00:02]} e4 {[%emt 0:00:01]} 4. Qe2 {[%emt 0:00:02]} Nf6 {[%emt 0:00:02]} 5. c4 {[%emt 0:00:04]} Bg4 {[%emt 0:00:30]} 6. h3 {[%emt 0:00:01]} Bh5 {[%emt 0:00:04]} 7. g4 {[%emt 0:00:02]} Bg6 {[%emt 0:00:05]} 8. Nd4 {[%emt 0:00:04]} Bc5 {[%emt 0:00:10]} 9. Nb3 {[%emt 0:00:02]} Qe7 {[%emt 0:00:11]} 10. Nc3 {[%emt 0:00:04]} Nbd7 {[%emt 0:00:06]} 11. Bg2 {[%emt 0:00:01]} O-O {[%emt 0:00:03]} 12. h4 {[%emt 0:00:11]} h6 {[%emt 0:00:06]} 13. g5 {[%emt 0:00:02]} Nh5 {[%emt 0:00:12]} 14. gxh6 {[%emt 0:00:12]} Nf4 {[%emt 0:00:11]} 15. Qf1 {[%emt 0:00:04]} gxh6 {[%emt 0:00:26]} 16. h5 {[%emt 0:00:18]} Bxh5 {[%emt 0:00:21]} 17. Rxh5 {[%emt 0:00:26]} Nxh5 {[%emt 0:00:04]} 18. Qh1 {[%emt 0:00:13]} Ndf6 {[%emt 0:00:15]} 19. Nxc5 {[%emt 0:00:18]} Qxc5 {[%emt 0:00:03]} 20. Bxe4 {[%emt 0:00:02]} Rfe8 {[%emt 0:00:10]} 21. d3 {[%emt 0:00:06]} Nxe4 {[%emt 0:00:33]} 22. Nxe4 {[%emt 0:00:02]} Nf6 {[%emt 0:00:03]} 23. Be3 {[%emt 0:00:09]} Qb4+ {[%emt 0:00:10]} 24. Nd2 {[%emt 0:00:12]} h5 {[%emt 0:00:11]} 25. O-O-O {[%emt 0:00:04]} Qa4 {[%emt 0:00:18]} 26. Kb1 {[%emt 0:00:03]} Qd7 {[%emt 0:00:02]} 27. Bd4 {[%emt 0:00:03]} Qf5 {[%emt 0:00:03]} 28. Kc2 {[%emt 0:00:07]} Ng4 {[%emt 0:00:06]} 29. Rg1 {[%emt 0:00:09]} Kh7 {[%emt 0:00:04]} 30. Ne4 {[%emt 0:00:05]} Rg8 {[%emt 0:00:14]} 31. Rxg4 {[%emt 0:00:06]} Rxg4 {[%emt 0:00:06]} 32. Nf6+ {[%emt 0:00:01]} Kg6 {[%emt 0:00:02]} 33. Nxg4 {[%emt 0:00:03] Time (Lag: Av=0.73s, max=5.8s)} 1-0

[Event "Stay Safe Play From Home 225"]
[Site "T#646783Emanuel Laske"]
[Date "2020.06.14"]
[Round "2"]
[White "Timbre"]
[Black "Lucknow"]
[Result "0-1"]
[WhiteElo "1670"]
[BlackElo "1780"]
[Annotator "NA RC"]
[PlyCount "90"]
[EventDate "2020.06.14"]
[EventType "swiss (blitz)"]

1. d4 {[%emt 0:00:14]} d5 {[%emt 0:00:01]} 2. Nf3 {[%emt 0:00:01]} c6 {[%emt 0:00:01]} 3. c3 {[%emt 0:00:01]} e6 {[%emt 0:00:00]} 4. Bf4 {[%emt 0:00:01]} Nf6 {[%emt 0:00:01]} 5. e3 {[%emt 0:00:02]} Bd6 {[%emt 0:00:00]} 6. Bg3 {[%emt 0:00:02]} O-O {[%emt 0:00:02]} 7. Bd3 {[%emt 0:00:02]} Qc7 {[%emt 0:00:01]} 8. Nbd2 {[%emt 0:00:02]} Nbd7 {[%emt 0:00:01]} 9. Qe2 {[%emt 0:00:01]} e5 {[%emt 0:00:01]} 10. dxe5 {[%emt 0:00:02]} Nxe5 {[%emt 0:00:00]} 11. Nxe5 {[%emt 0:00:02]} Bxe5 {[%emt 0:00:00]} 12. Nf3 {[%emt 0:00:02]} Bd6 {[%emt 0:00:01]} 13. O-O {[%emt 0:00:02]} Re8 {[%emt 0:00:03]} 14. Qc2 {[%emt 0:00:01]} Bxg3 {[%emt 0:00:04]} 15. hxg3 {[%emt 0:00:02]} Bg4 {[%emt 0:00:00]} 16. Be2 {[%emt 0:00:01]} Rad8 {[%emt 0:00:04]} 17. Nd4 {[%emt 0:00:02]} Bc8 {[%emt 0:00:01]} 18. Bf3 {[%emt 0:00:03]} Qe7 {[%emt 0:00:01]} 19. a3 {[%emt 0:00:03]} Qe5 {[%emt 0:00:03]} 20. Rad1 {[%emt 0:00:03]} g6 {[%emt 0:00:05]} 21. Ne2 {[%emt 0:00:02]} Bf5 {[%emt 0:00:04]} 22. Qb3 {[%emt 0:00:04]} Qe7 {[%emt 0:00:01]} 23. Rd4 {[%emt 0:00:03]} h5 {[%emt 0:00:16]} 24. Rfd1 {[%emt 0:00:04]} Bg4 {[%emt 0:00:15]} 25. Bxg4 {[%emt 0:00:03]} Nxg4 {[%emt 0:00:01]} 26. Nf4 {[%emt 0:00:03]} Kg7 {[%emt 0:00:16]} 27. c4 {[%emt 0:00:04]} dxc4 {[%emt 0:00:20]} 28. Qxc4 {[%emt 0:00:02]} Nf6 {[%emt 0:00:36]} 29. Nh3 {[%emt 0:00:07]} Nd5 {[%emt 0:00:15]} 30. Qc2 {[%emt 0:00:09]} Nxe3 {[%emt 0:00:24]} 31. fxe3 {[%emt 0:00:20]} Qxe3+ {[%emt 0:00:02]} 32. Kh2 {[%emt 0:00:06]} Rxd4 {[%emt 0:00:04]} 33. Rf1 {[%emt 0:00:07]} Rd5 {[%emt 0:00:19]} 34. Rf3 {[%emt 0:00:05]} Qe5 {[%emt 0:00:04]} 35. Qf2 {[%emt 0:00:05]} Re7 {[%emt 0:00:04]} 36. Nf4 {[%emt 0:00:02]} Rd6 {[%emt 0:00:11]} 37. Nd3 {[%emt 0:00:07]} Qd4 {[%emt 0:00:05]} 38. Nf4 {[%emt 0:00:12]} Qxf2 {[%emt 0:00:02]} 39. Rxf2 {[%emt 0:00:01]} Red7 {[%emt 0:00:05]} 40. Nh3 {[%emt 0:00:02]} Rd2 {[%emt 0:00:02]} 41. Rf3 {[%emt 0:00:04]} Rxb2 {[%emt 0:00:02]} 42. Ng5 {[%emt 0:00:02]} Re2 {[%emt 0:00:05]} 43. Nh3 {[%emt 0:00:05]} Rdd2 {[%emt 0:00:03]} 44. Nf4 {[%emt 0:00:01]} Re1 {[%emt 0:00:06]} 45. Nh3 {[%emt 0:00:11]} Rdd1 {[%emt 0:00:04] Timbre resigns (Lag: Av=0.31s, max=2.8s)} 0-1

[Event "Stay Safe Play From Home 225"]
[Site "T#646783Emanuel Laske"]
[Date "2020.06.14"]
[Round "3"]
[White "Klausen"]
[Black "Indianquant"]
[Result "0-1"]
[WhiteElo "2015"]
[BlackElo "2332"]
[Annotator "TA"]
[PlyCount "92"]
[EventDate "2020.06.14"]
[EventType "swiss (blitz)"]

{[%evp 11,92,20,20,13,45,24,30,14,27,32,60,61,47,10,28,13,37,38,40,26,29,8,29,16,10,9,113,106,108,104,143,129,122,127,130,117,174,154,243,266,246,248,234,145,252,141,269,106,155,141,177,139,169,107,171,172,229,169,223,168,375,45,54,13,48,15,17,0,0,-7,-4,-7,-8,-8,-8,-101,-96,-187,-189,-191,-180,-198,-173]} 1. d4 Nf6 2. Nf3 e6 3. c4 c5 4. Nc3 cxd4 5. Nxd4 Qb6 6. e3 Nc6 7. Be2 {A31: Symmetrical English: 2 Nf3 Nf6 3 d4.} Bc5 {[%cal Rc6d4]} 8. Nb3 {[#]} Bb4 $146 ({Predecessor:} 8... Be7 9. O-O a6 10. e4 Qc7 11. Be3 O-O 12. f4 Na5 13. Nxa5 Qxa5 14. e5 Ne8 {1-0 (41) Saleh,F (1772)-Aaron,C (1552) Dewan Astana 2015}) 9. Bd2 {White has an edge.} O-O 10. O-O d5 11. cxd5 exd5 12. a3 {[#] And now Na4 would win.} Be7 13. Rc1 $36 {[%mdl 2048] White fights for an advantage.} Be6 14. Na4 Qc7 15. Nac5 Bd6 16. h3 Qe7 17. Nxe6 fxe6 18. Na5 Qd7 {[#]} (18... Ne5 $11 {remains equal.}) 19. Bb5 $1 $16 {[%cal Ra5c6]} Rac8 20. Qa4 a6 21. Bxc6 bxc6 22. Nxc6 Ne4 23. Bb4 Bxb4 (23... a5 $16) 24. axb4 $18 Nd2 (24... Ra8 $16 25. Rc2 h6) 25. Rfd1 Ne4 26. f3 ({Much less strong is} 26. Qxa6 $6 Ra8 $16) 26... Ng3 {Black wants to play ...Ne2+.} 27. Rd2 Nf5 (27... Ra8 $16 28. Qd1 Qd6) 28. Rdc2 (28. Qxa6 $18 Kh8 29. e4) 28... Kh8 (28... Ra8 $16) 29. Qa3 $2 (29. Qxa6 $18 {has better winning chances. aiming for Ne5.} Qd6 30. Qe2) 29... Ra8 30. Qd3 Qb7 31. e4 dxe4 32. fxe4 (32. Qxe4 $18 Rae8 33. Rd1) 32... Qb6+ (32... Ne7 $16) 33. Rc5 Nh6 (33... Nh4 {was called for.} 34. Qd7 Ng6 35. Qxe6 Rae8) 34. Kh1 Nf7 (34... Qb7 {was necessary.} 35. Qc4 Rfe8) 35. Qc3 h6 $2 (35... Qb7 {might work better.} 36. Qd4 h6) 36. Ne5 $2 (36. Ne7 $18) 36... Nxe5 $14 37. Rxe5 Rf7 38. Rh5 {Rxh6+ is the strong threat.} Kh7 39. Re5 Rb8 40. Qc4 Rf6 41. Qc5 Qxb4 42. Qxb4 Rxb4 43. Ra1 (43. Rc6 $11) 43... Rxb2 $17 44. Rxa6 (44. Rc5 $17 {is a better defense.}) 44... Rff2 $19 {Black is clearly better.} 45. Rexe6 Rxg2 46. Re7 Rgd2 {Quite a comeback for Black. Accuracy: White = 51%, Black = 43%.} 0-1

[Event "Stay Safe Play From Home 225"]
[Site "T#646783Emanuel Laske"]
[Date "2020.06.14"]
[Round "3"]
[White "Sfantul321"]
[Black "Lazieri3"]
[Result "1/2-1/2"]
[WhiteElo "1962"]
[BlackElo "2133"]
[Annotator "NA RC"]
[PlyCount "111"]
[EventDate "2020.06.14"]
[EventType "swiss (blitz)"]

1. c3 {[%emt 0:00:01]} c6 {[%emt 0:00:01]} 2. d4 {[%emt 0:00:01]} d5 {[%emt 0:00:00]} 3. Nf3 {[%emt 0:00:01]} Bf5 {[%emt 0:00:01]} 4. Bf4 {[%emt 0:00:02]} e6 {[%emt 0:00:01]} 5. Nbd2 {[%emt 0:00:01]} Bd6 {[%emt 0:00:01]} 6. Bxd6 {[%emt 0:00:02]} Qxd6 {[%emt 0:00:00]} 7. e3 {[%emt 0:00:00]} Nf6 {[%emt 0:00:01]} 8. Nb3 {[%emt 0:00:02]} Nbd7 {[%emt 0:00:01]} 9. Bd3 {[%emt 0:00:01]} Bxd3 {[%emt 0:00:01]} 10. Qxd3 {[%emt 0:00:01]} O-O {[%emt 0:00:00]} 11. Kf1 {[%emt 0:00:01]} h6 {[%emt 0:00:01]} 12. h3 {[%emt 0:00:01]} e5 {[%emt 0:00:01]} 13. dxe5 {[%emt 0:00:02]} Nxe5 {[%emt 0:00:00]} 14. Nxe5 {[%emt 0:00:01]} Qxe5 {[%emt 0:00:00]} 15. Qd4 {[%emt 0:00:01]} Qxd4 {[%emt 0:00:01]} 16. cxd4 {[%emt 0:00:01]} Ne4 {[%emt 0:00:05]} 17. Ke2 {[%emt 0:00:03]} Rfe8 {[%emt 0:00:01]} 18. Rhc1 {[%emt 0:00:02]} f5 {[%emt 0:00:02]} 19. Nc5 {[%emt 0:00:04]} Nxc5 {[%emt 0:00:01]} 20. Rxc5 {[%emt 0:00:01]} f4 {[%emt 0:00:01]} 21. Kf3 {[%emt 0:00:01]} fxe3 {[%emt 0:00:01]} 22. fxe3 {[%emt 0:00:01]} Re7 {[%emt 0:00:03]} 23. Re1 {[%emt 0:00:02]} Rf8+ {[%emt 0:00:01]} 24. Ke2 {[%emt 0:00:04]} Ref7 {[%emt 0:00:01]} 25. Kd3 {[%emt 0:00:03]} Rf2 {[%emt 0:00:01]} 26. Re2 {[%emt 0:00:01]} Rf1 {[%emt 0:00:02]} 27. Rcc2 {[%emt 0:00:05]} R8f6 {[%emt 0:00:08]} 28. a3 {[%emt 0:00:04]} Kf7 {[%emt 0:00:01]} 29. e4 {[%emt 0:00:03]} dxe4+ {[%emt 0:00:03]} 30. Rxe4 {[%emt 0:00:01]} Re6 {[%emt 0:00:01]} 31. Rxe6 {[%emt 0:00:05]} Kxe6 {[%emt 0:00:00]} 32. Re2+ {[%emt 0:00:01]} Kd6 {[%emt 0:00:02]} 33. Ke4 {[%emt 0:00:06]} Rf7 {[%emt 0:00:06]} 34. Kd3 {[%emt 0:00:04]} Rf6 {[%emt 0:00:04] Sfantul321 offers a draw} 35. b4 {[%emt 0:00:07]} Rg6 {[%emt 0:00:04]} 36. g4 {[%emt 0:00:02]} h5 {[%emt 0:00:11]} 37. gxh5 {[%emt 0:00:01]} Rg5 {[%emt 0:00:01]} 38. h6 {[%emt 0:00:03]} gxh6 {[%emt 0:00:06]} 39. Re3 {[%emt 0:00:01]} h5 {[%emt 0:00:01]} 40. Ke4 {[%emt 0:00:02]} Rg1 {[%emt 0:00:17]} 41. Rf3 {[%emt 0:00:05]} Re1+ {[%emt 0:00:01]} 42. Kd3 {[%emt 0:00:17]} Rh1 {[%emt 0:00:04]} 43. Ke4 {[%emt 0:00:06]} a6 {[%emt 0:00:07] Sfantul321 offers a draw} 44. Rf6+ {[%emt 0:00:09]} Ke7 {[%emt 0:00:01]} 45. Rf3 {[%emt 0:00:01]} Ke6 {[%emt 0:00:01]} 46. Kd3 {[%emt 0:00:08]} h4 {[%emt 0:00:04]} 47. Kc4 {[%emt 0:00:02]} b6 {[%emt 0:00:13]} 48. Re3+ {[%emt 0:00:04]} Kd6 {[%emt 0:00:01]} 49. Rf3 {[%emt 0:00:02]} b5+ {[%emt 0:00:02]} 50. Kd3 {[%emt 0:00:08]} Rg1 {[%emt 0:00:01]} 51. Ke4 {[%emt 0:00:03]} Rh1 {[%emt 0:00:08]} 52. Kd3 {[%emt 0:00:03] Sfantul321 offers a draw} Ke6 {[%emt 0:00:11]} 53. Ke4 {[%emt 0:00:03]} Re1+ {[%emt 0:00:04]} 54. Kd3 {[%emt 0:00:01]} Rg1 {[%emt 0:00:15]} 55. Ke4 {[%emt 0:00:02]} Rg2 {[%emt 0:00:01]} 56. Kd3 {[%emt 0:00:09] Lazieri3 offers a draw (Lag: Av=0.59s, max=3.1s)} 1/2-1/2

[Event "Stay Safe Play From Home 225"]
[Site "T#646783Emanuel Laske"]
[Date "2020.06.14"]
[Round "3"]
[White "Dukic"]
[Black "Don59as"]
[Result "0-1"]
[WhiteElo "1852"]
[BlackElo "2024"]
[Annotator "NA RC"]
[PlyCount "86"]
[EventDate "2020.06.14"]
[EventType "swiss (blitz)"]

1. c4 {[%emt 0:00:03]} e5 {[%emt 0:00:02]} 2. Nc3 {[%emt 0:00:02]} Nc6 {[%emt 0:00:01]} 3. g3 {[%emt 0:00:01]} g6 {[%emt 0:00:01]} 4. Bg2 {[%emt 0:00:01]} Bg7 {[%emt 0:00:00]} 5. Nf3 {[%emt 0:00:01]} Nge7 {[%emt 0:00:01]} 6. e3 {[%emt 0:00:02]} O-O {[%emt 0:00:01]} 7. d4 {[%emt 0:00:01]} exd4 {[%emt 0:00:01]} 8. exd4 {[%emt 0:00:01]} d5 {[%emt 0:00:03]} 9. cxd5 {[%emt 0:00:18]} Nxd5 {[%emt 0:00:02]} 10. O-O {[%emt 0:00:07]} Nb6 {[%emt 0:00:09]} 11. d5 {[%emt 0:00:18]} Nb4 {[%emt 0:00:05]} 12. Ne1 {[%emt 0:00:30]} Bf5 {[%emt 0:00:25]} 13. Qb3 {[%emt 0:00:05]} Na6 {[%emt 0:00:13]} 14. Be3 {[%emt 0:00:06]} Re8 {[%emt 0:00:06]} 15. Rd1 {[%emt 0:00:07]} Qd7 {[%emt 0:00:29]} 16. Nd3 {[%emt 0:00:51]} Bg4 {[%emt 0:00:10]} 17. Rd2 {[%emt 0:00:03]} Bh3 {[%emt 0:00:24]} 18. Rfd1 {[%emt 0:00:05]} Bxg2 {[%emt 0:00:03]} 19. Kxg2 {[%emt 0:00:01]} Rad8 {[%emt 0:00:12]} 20. Nf4 {[%emt 0:00:02]} Qf5 {[%emt 0:00:10]} 21. a4 {[%emt 0:00:05]} Rb8 {[%emt 0:00:19]} 22. a5 {[%emt 0:00:02]} Rxe3 {[%emt 0:00:02]} 23. fxe3 {[%emt 0:00:03]} Nd7 {[%emt 0:00:02]} 24. e4 {[%emt 0:00:04]} Qg5 {[%emt 0:00:03]} 25. h4 {[%emt 0:00:02]} Qg4 {[%emt 0:00:04]} 26. Nce2 {[%emt 0:00:26]} Ne5 {[%emt 0:00:05]} 27. Qe3 {[%emt 0:00:13]} Re8 {[%emt 0:00:10]} 28. Rc2 {[%emt 0:00:10]} h6 {[%emt 0:00:07]} 29. Rf1 {[%emt 0:00:04]} Re7 {[%emt 0:00:06]} 30. Nh3 {[%emt 0:00:11]} Nb4 {[%emt 0:00:07]} 31. Rc3 {[%emt 0:00:12]} Nd7 {[%emt 0:00:09]} 32. Nf2 {[%emt 0:00:07]} Qh5 {[%emt 0:00:07]} 33. Rb3 {[%emt 0:00:02]} Nxd5 {[%emt 0:00:03]} 34. Qf3 {[%emt 0:00:07]} Qxf3+ {[%emt 0:00:05]} 35. Kxf3 {[%emt 0:00:01]} N5f6 {[%emt 0:00:07]} 36. Rxb7 {[%emt 0:00:03]} Nc5 {[%emt 0:00:01]} 37. Rxa7 {[%emt 0:00:03]} Nfxe4 {[%emt 0:00:01]} 38. Nxe4 {[%emt 0:00:01]} Nxe4 {[%emt 0:00:00]} 39. Rd1 {[%emt 0:00:04]} g5 {[%emt 0:00:06]} 40. hxg5 {[%emt 0:00:02]} hxg5 {[%emt 0:00:01]} 41. Nc3 {[%emt 0:00:03]} Nc5 {[%emt 0:00:03]} 42. Rd5 {[%emt 0:00:07]} Ne6 {[%emt 0:00:03]} 43. Nb5 {[%emt 0:00:03] .} g4+ {[%emt 0:00:01]} 0-1

[Event "Stay Safe Play From Home 225"]
[Site "T#646783Emanuel Laske"]
[Date "2020.06.14"]
[Round "3"]
[White "Matanant"]
[Black "Tunca"]
[Result "1-0"]
[WhiteElo "1795"]
[BlackElo "1660"]
[Annotator "NA RC"]
[PlyCount "61"]
[EventDate "2020.06.14"]
[EventType "swiss (blitz)"]

1. e4 {[%emt 0:00:02]} Nf6 {[%emt 0:00:26]} 2. e5 {[%emt 0:00:03]} Nd5 {[%emt 0:00:02]} 3. c4 {[%emt 0:00:01]} Nb6 {[%emt 0:00:18]} 4. d4 {[%emt 0:00:00]} d6 {[%emt 0:00:01]} 5. exd6 {[%emt 0:00:04]} cxd6 {[%emt 0:00:00]} 6. Nf3 {[%emt 0:00:05]} g6 {[%emt 0:00:02]} 7. Nc3 {[%emt 0:00:06]} Bg7 {[%emt 0:00:02]} 8. Be3 {[%emt 0:00:03]} Nc6 {[%emt 0:00:02]} 9. h3 {[%emt 0:00:05]} O-O {[%emt 0:00:04]} 10. Bd3 {[%emt 0:00:05]} d5 {[%emt 0:00:08]} 11. c5 {[%emt 0:00:04]} Nc4 {[%emt 0:00:00]} 12. Bxc4 {[%emt 0:00:18]} dxc4 {[%emt 0:00:00]} 13. Qa4 {[%emt 0:00:17]} Nxd4 {[%emt 0:00:14]} 14. Nxd4 {[%emt 0:00:02]} Bxd4 {[%emt 0:00:01]} 15. Qxc4 {[%emt 0:00:05]} Bxe3 {[%emt 0:00:07]} 16. fxe3 {[%emt 0:00:02]} Be6 {[%emt 0:00:06]} 17. Qb5 {[%emt 0:00:17]} a6 {[%emt 0:00:58]} 18. Qxb7 {[%emt 0:00:20]} Qd3 {[%emt 0:00:15]} 19. Qe4 {[%emt 0:00:33]} Qxe4 {[%emt 0:00:32]} 20. Nxe4 {[%emt 0:00:02]} Bd5 {[%emt 0:00:05]} 21. Nd2 {[%emt 0:00:22]} Bxg2 {[%emt 0:00:02]} 22. Rh2 {[%emt 0:00:02] Matanant reconnected.} Bd5 {[%emt 0:00:04]} 23. e4 {[%emt 0:00:08]} Be6 {[%emt 0:00:07]} 24. b4 {[%emt 0:00:05]} Rfd8 {[%emt 0:00:09]} 25. h4 {[%emt 0:00:08]} Rd3 {[%emt 0:00:33]} 26. h5 {[%emt 0:00:06]} Rad8 {[%emt 0:00:09]} 27. hxg6 {[%emt 0:00:03]} hxg6 {[%emt 0:00:00]} 28. a4 {[%emt 0:00:10]} Kg7 {[%emt 0:00:17]} 29. b5 {[%emt 0:00:02]} axb5 {[%emt 0:00:01]} 30. axb5 {[%emt 0:00:01]} Rc8 {[%emt 0:00:07]} 31. c6 {[%emt 0:00:03] Tunca resigns (Lag: Av=0.87s, max=7.8s)} 1-0